Manuel Tolsá (Record no. 876)

MARC details
000 -CABECERA
campo de control de longitud fija 00975nam a2200253 a 4500
001 - NÚMERO DE CONTROL
campo de control BRCA_992
005 - FECHA Y HORA DE LA ÚLTIMA TRANSACCIÓN
campo de control 20190320203233.0
008 - DATOS DE LONGITUD FIJA--INFORMACIÓN GENERAL
campo de control de longitud fija 991202s1998 sp-a---###---#000-0#mul-d
020 ## - NÚMERO INTERNACIONAL ESTÁNDAR DEL LIBRO
Número Internacional Estándar del Libro 8448219228
040 ## - FUENTE DE LA CATALOGACIÓN
Centro catalogador/agencia de origen PL#
Lengua de catalogación spa
Centro/agencia transcriptor PL#
041 ## - CÓDIGO DE LENGUA
Código de lengua del texto/banda sonora o título independiente spaeng
050 #4 - SIGNATURA TOPOGRÁFICA DE LA BIBLIOTECA DEL CONGRESO
Número de clasificación NB813.T6
Número de documento/Ítem .T65 1998
100 1# - ENTRADA PRINCIPAL--NOMBRE DE PERSONA
Nombre de persona Tolsá, Manuel
Fechas asociadas al nombre 1757-1816
9 (RLIN) 3272
245 10 - MENCIÓN DE TÍTULO
Título Manuel Tolsá
Resto del título nostalgia de lo ´antiguo´ y arte ilustrado : México-Valencia
Mención de responsabilidad, etc. Manuel Tolsá.
260 ## - PUBLICACIÓN, DISTRIBUCIÓN, ETC.
Lugar de publicación, distribución, etc. [Valencia]
Nombre del editor, distribuidor, etc. Generalitat Valenciana
Fecha de publicación, distribución, etc. 1998
300 ## - DESCRIPCIÓN FÍSICA
Extensión xv, 430 p.
Otras características físicas il. (algunas a color)
Dimensiones 28 cm.
500 ## - NOTA GENERAL
Nota general Catálogo de la exposición realizada en el Palacio de Minería (Ciudad de México), 13 octubre - 28 noviembre, 1998
500 ## - NOTA GENERAL
Nota general Incluye apéndice de documentos
546 ## - NOTA DE LENGUA/LENGUAJE
Nota de lengua/lenguaje Texto en español e inglés
600 14 - PUNTO DE ACCESO ADICIONAL DE MATERIA--NOMBRE DE PERSONA
Nombre de persona Tolsá, Manuel
Fechas asociadas al nombre 1757-1816
Subdivisión de forma Exposiciones
9 (RLIN) 3273
650 14 - PUNTO DE ACCESO ADICIONAL DE MATERIA--TÉRMINO DE MATERIA
Término de materia o nombre geográfico como elemento de entrada Arquitectura
Subdivisión de forma Exposiciones
Subdivisión cronológica Siglo XVIII
9 (RLIN) 3274
650 14 - PUNTO DE ACCESO ADICIONAL DE MATERIA--TÉRMINO DE MATERIA
Término de materia o nombre geográfico como elemento de entrada Escultura
Subdivisión de forma Exposiciones
Subdivisión cronológica Siglo XVIII
9 (RLIN) 3275
942 ## - ELEMENTOS DE PUNTO DE ACCESO ADICIONAL (KOHA)
Fuente del sistema de clasificación o colocación Library of Congress Classification
Tipo de ítem Koha Libros
Holdings
Estado de retiro Estado de pérdida Estado dañado No para préstamo Localización permanente Ubicación/localización actual Fecha de adquisición Total de préstamos Signatura topográfica completa Código de barras Fecha visto por última vez Precio válido a partir de Tipo de ítem Koha
El ejemplar forma parte de la colección y puede ser consultado según las políticas vigentes.       Biblioteca del Museo Franz Mayer (Rogerio Casas-Alatriste) Biblioteca del Museo Franz Mayer (Rogerio Casas-Alatriste) 26/06/2008   NB813.T6 .T65 1998 01485 22/03/2019 22/03/2019 Libros